El arte de conocerse a sí mismo / (Record no. 89983)

MARC details
000 -LEADER
campo de control de longitud fija 01198cam a2200361Mi 4500
001 - NÚMERO DE CONTROL
campo de control 87712
005 - FECHA Y HORA DE LA ÚLTIMA TRANSACCIÓN
campo de control 20230410132916.0
008 - DATOS DE LONGITUD FIJA--INFORMACIÓN GENERAL
campo de control de longitud fija 081118s2008 sp 000 0 spa d
035 ## - NÚMERO DE CONTROL DEL SISTEMA
Número de control de sistema (OCoLC)ocn318641205
040 ## - FUENTE DE CATALOGACIÓN
Centro catalogador/agencia de origen GWDNB
Normas de descripción rakwb
Lengua de catalogación ger
Centro/agencia transcriptor GWDNB
015 ## - NÚMERO DE BIBLIOGRAFÍA NACIONAL
Número de bibliografía nacional 09,A17,0104
Fuente dnb
016 7# - NÚMERO DE CONTROL DE UNA AGENCIA BIBLIOGRÁFICA NACIONAL
Número de control del registro 991305132
Fuente GyFmDB
020 ## - NÚMERO INTERNACIONAL ESTÁNDAR DEL LIBRO
Número Internacional Estándar del Libro 9788420660950
020 ## - NÚMERO INTERNACIONAL ESTÁNDAR DEL LIBRO
Número Internacional Estándar del Libro 8420660957
035 ## - NÚMERO DE CONTROL DEL SISTEMA
Número de control de sistema (OCoLC)318641205
041 1# - CÓDIGO DE IDIOMA
Código de lengua del texto/banda sonora o título independiente spa
Código de lengua original ger
050 14 - SIGNATURA TOPOGRÁFICA DE LA BIBLIOTECA DEL CONGRESO
Número de clasificación B 3105
Número de ítem S373a 2008
082 00 - NÚMERO DE LA CLASIFICACIÓN DECIMAL DEWEY
Número de clasificación 193
049 ## - FONDOS LOCALES (OCLC)
Biblioteca depositaria GRAL
100 1# - ENTRADA PRINCIPAL--NOMBRE DE PERSONA
Nombre de persona Schopenhauer, Arthur,
Fechas asociadas al nombre 1788-1860.
245 13 - MENCIÓN DEL TÍTULO
Título El arte de conocerse a sí mismo /
Mención de responsabilidad, etc. Arthur Schopenhauer. Edición, introduccion y notas de Franco Volpi. [Trad.: Fabio Morales]
260 ## - PUBLICACIÓN, DISTRIBUCIÓN, ETC.
Lugar de publicación, distribución, etc. Madrid :
Nombre del editor, distribuidor, etc. Alianza Editorial,
Fecha de publicación, distribución, etc. 2008.
300 ## - DESCRIPCIÓN FÍSICA
Extensión 137 p.
Otras características físicas Ill.
Dimensiones 18 cm
440 #3 - MENCIÓN DE SERIE/PUNTO DE ACCESO ADICIONAL--TÍTULO
Título El libro de bolsillo
Designación de volumen o secuencia 4480 : Humanidades : Filosofía
490 1# - MENCIÓN DE SERIE
Mención de serie El libro de bolsillo
Designación de volumen o secuencia 4480 : Humanidades : Filosofía
650 #0 - PUNTO DE ACCESO ADICIONAL DE MATERIA--TÉRMINO DE MATERIA
Término de materia o nombre geográfico como elemento de entrada Philosophy, German
Subdivisión cronológica 19th century.
650 #0 - PUNTO DE ACCESO ADICIONAL DE MATERIA--TÉRMINO DE MATERIA
Término de materia o nombre geográfico como elemento de entrada Philosophers
Subdivisión geográfica Germany.
650 #4 - PUNTO DE ACCESO ADICIONAL DE MATERIA--TÉRMINO DE MATERIA
Término de materia o nombre geográfico como elemento de entrada Filosofía alemana.
700 1# - ENTRADA AGREGADA--NOMBRE PERSONAL
Nombre de persona Volpi, Franco
Término indicativo de función/relación Hrsg.
700 1# - ENTRADA AGREGADA--NOMBRE PERSONAL
Nombre de persona Schopenhauer, Arthur
Título de la obra Die Kunst, sich selbst zu erkennen
942 ## - ELEMENTOS DE ENTRADA SECUNDARIOS (KOHA)
Fuente del sistema de clasificación o colocación Clasificación de Library of Congress
Tipo de ítem Koha
994 ## -
-- C0
-- DRFGD
Holdings
Estatus retirado Estado de pérdida Fuente del sistema de clasificación o colocación Estado de daño No para préstamo Colección Biblioteca de origen Biblioteca actual Ubicación en estantería Fecha de adquisición Signatura topográfica completa Código de barras Visto por última vez Copia número Tipo de ítem Koha
    Clasificación de Library of Congress     Humanidades Biblioteca Juan Bosch Biblioteca Juan Bosch Humanidades (4to. Piso) 10/04/2023 B 3105 S373a 2008 00000079953 17/11/2018 1